| 000 | 00569nam a2200181 4500 | ||
|---|---|---|---|
| 001 | 108873 | ||
| 003 | ES-MaACL | ||
| 005 | 20230906184729.0 | ||
| 007 | t| | ||
| 008 | 061121s1931 sp r ||||1| spa d | ||
| 100 | 1 |
_aMoussinac, Léon. _983922 |
|
| 245 | 1 | 3 |
_aEl cinema soviético / _cLéon Moussinac; traducción y prólogo de José de la Fuente; epílogo Fernando G. Mantilla. |
| 260 |
_aMadrid : _bArgis, _c1931. |
||
| 300 |
_a272 p. ; _c19 cm. |
||
| 700 | 1 |
_aFuente, José de la. _952841 |
|
| 700 | 1 |
_aMantilla, Fernando G. _976165 |
|
| 852 |
_aES-MaACL _jB-12613 |
||
| 999 |
_c108873 _d108873 |
||